000 00577nam a2200181Ia 4500
005 20260429112239.0
008 260429s9999||||xx |||||||||||||| ||und||
020 _a9788195966684
041 _aHindi
082 _a891.430
_bSAN
100 _aसांकृत्यायन, राहुल
245 0 _aकनैला की कथा /
_cराहुल सांकृत्यायन
250 _a1st ed.
260 _aदिल्ली :
_bशुभदा प्रकाशन,
_c2025.
300 _a128 p.; Hb
650 _aHindi Literature
942 _cTB
999 _c53107
_d53107